Pilotes F1 2025 - Statistiques

Statistiques générales
  • Ce quiz a été pris 317 fois
  • Le résultat moyen est 18 sur 20
Statistiques - réponses
Par images Réponse % Correct
Lewis Hamilton
100%
Max Verstappen
100%
Charles Leclerc
98%
Lando Norris
97%
Oscar Piastri
96%
Pierre Gasly
96%
Esteban Ocon
95%
Yuki Tsunoda
94%
Fernando Alonso
91%
Carlos Sainz
90%
Isack Hadjar
89%
George Russell
88%
Kimi Antonelli
87%
Lance Stroll
86%
Liam Lawson
85%
Nico Hulkenberg
85%
Alex Albon
83%
Oliver Bearman
77%
Gabriel Bortoleto
72%
Jack Doohan
67%
Aucun quiz correspondant
Distribution des résultats
% des personnes avec chaque résultat
Percentile par nombre de réponses
Votre historique - résultats
Vous n’avez pas pris ce quiz